| 000 -LEADER |
| fixed length control field |
00386nam a2200157Ia 4500 |
| 008 - FIXED-LENGTH DATA ELEMENTS--GENERAL INFORMATION |
| fixed length control field |
200103s9999||||xx |||||||||||||| ||und|| |
| 020 ## - INTERNATIONAL STANDARD BOOK NUMBER |
| International Standard Book Number |
0521215579, |
| 082 ## - DEWEY DECIMAL CLASSIFICATION NUMBER |
| Classification number |
Column-56 |
| 100 ## - MAIN ENTRY--PERSONAL NAME |
| Personal name |
Davies, A. C. |
| 245 #4 - TITLE STATEMENT |
| Title |
The Science and Practice of Welding |
| 250 ## - EDITION STATEMENT |
| Edition statement |
7th Ed. |
| 260 ## - PUBLICATION, DISTRIBUTION, ETC. (IMPRINT) |
| Name of publisher, distributor, etc |
Cambridge University Press |
| Date of publication, distribution, etc |
1977 |
| 300 ## - PHYSICAL DESCRIPTION |
| Extent |
xiii, 713 |
| 942 ## - ADDED ENTRY ELEMENTS (KOHA) |
| Item type |
Books |